书目信息 |
| 题名: |
模拟电子技术
|
|
| 作者: | 博伊斯坦 , 纳什斯凯 著 ;李立华 译 | |
| 分册: | ||
| 出版信息: | 北京 电子工业出版社 2016.08 |
|
| 页数: | 10,444页 | |
| 开本: | 26cm | |
| 丛书名: | ||
| 单 册: | ||
| 中图分类: | TN710.4 | |
| 科图分类: | ||
| 主题词: | 模拟电路--电子技术--高等教育--教材 | |
| 电子资源: | ||
| ISBN: | 978-7-121-28925-5 | |
| 000 | 01378nam0 2200313 450 | |
| 001 | 0120161981957 | |
| 005 | 20170327083750.42 | |
| 010 | @a978-7-121-28925-5@dCNY69.00 | |
| 100 | @a20160811d2016 em y0chiy50 ea | |
| 101 | 1 | @achi@ceng |
| 102 | @aCN@b110000 | |
| 105 | @aak z 000yy | |
| 106 | @ar | |
| 200 | 1 | @a模拟电子技术@9mo ni dian zi ji shu@dElectronic devices and circuit theory@f(美)Robert L. Boylestad,(美)Louis Nashelsky著@g李立华[等]译@zeng |
| 205 | @a2版 | |
| 210 | @a北京@c电子工业出版社@d2016.08 | |
| 215 | @a10,444页@c图@d26cm | |
| 300 | @a国外电子与通信教材系列 | |
| 305 | @a据原书第11版译出 由Pearson Education(培生教育出版集团)授权出版 | |
| 330 | @a本书内容包括半导体器件基础、二极管及其应用电路、晶体管和场效应管放大电路的基本原理及频率响应、功率放大电路、多级放大电路、差分放大电路、电流源等模拟集成电路的单元电路、反馈电路、模拟集成运算放大器、电压比较器和波形变换电路等。 | |
| 333 | @a高等学校电气类、电子类、自动化类、计算机类和其他相近专业师生 | |
| 510 | 1 | @aElectronic devices and circuit theory@zeng |
| 606 | 0 | @a模拟电路@x电子技术@x高等教育@j教材 |
| 690 | @aTN710.4@v5 | |
| 701 | 0 | @c(美)@a博伊斯坦@9bo yi si tan@c(Boylestad, Robert L.)@4著 |
| 701 | 0 | @c(美)@a纳什斯凯@9na shen si kai@c(Nashelsky, Louis)@4著 |
| 702 | 0 | @a李立华@9li li hua@4译 |
| 801 | 0 | @aCN@b人天书店@c20160811 |
| 905 | @b980767-70@dTN710.4@e288=2@f4 | |
| 模拟电子技术=Electronic devices and circuit theory/(美)Robert L. Boylestad,(美)Louis Nashelsky著/李立华[等]译.-2版.-北京:电子工业出版社,2016.08 |
| 10,444页:图;26cm |
| 国外电子与通信教材系列.-使用对象:高等学校电气类、电子类、自动化类、计算机类和其他相近专业师生 |
| ISBN 978-7-121-28925-5:CNY69.00 |
| 本书内容包括半导体器件基础、二极管及其应用电路、晶体管和场效应管放大电路的基本原理及频率响应、功率放大电路、多级放大电路、差分放大电路、电流源等模拟集成电路的单元电路、反馈电路、模拟集成运算放大器、电压比较器和波形变换电路等。 |
| ● |
| 相关链接 |
|
|
|
|
正题名:模拟电子技术
索取号:TN710.4/288=2
 
预约/预借
| 序号 | 登录号 | 条形码 | 馆藏地/架位号 | 状态 | 备注 |
| 1 | 980767 | 209807672 | 第二样本阅览室/ [索取号:TN710.4/288=2] | 在馆 | |
| 2 | 980768 | 209807681 | 密集书库-物理学院/ [索取号:TN710.4/288=2] | 在馆 | |
| 3 | 980769 | 209807690 | 第三借阅区/ [索取号:TN710.4/288=2] |
已借出,限还日期为2026.06.09 借出人:王雪莹 |
|
| 4 | 980770 | 209807707 | 第三借阅区/ [索取号:TN710.4/288=2] | 在馆 |